| 000 | 00609ngm a22002650a 4500 | ||
|---|---|---|---|
| 001 | PT41992 | ||
| 003 | AR-LpoUNG | ||
| 005 | 20210201232335.0 | ||
| 007 | co ||u|||uuuuu | ||
| 008 | 191001s2009||||xxk|||||||||||||||||eng d | ||
| 037 | _c$12.25 | ||
| 040 |
_aAR-LpoUNG _bspa _cAR-LpoUNG _eaacr |
||
| 041 | _aeng | ||
| 044 | _axxk | ||
| 082 | 0 | _a781.66 369let | |
| 245 | 1 | 0 | _aLet it be |
| 260 |
_aLondon : _bEMI, _c2009. |
||
| 650 | 4 | _aMUSICA | |
| 651 | 4 | _aDOCUMENTOS TEORICOS O METODOLOGICOS | |
| 653 | _aCD | ||
| 653 | _aROCK AND ROLL | ||
| 710 | 2 | _aThe Beatles | |
| 905 | _a41992 | ||
| 942 | _cCDDVD | ||
| 999 |
_c53427 _d53427 |
||